Normal view
MARC view
- Broxup, Marie.
Entry Personal Name
001 - CONTROL NUMBER
- control field: 6700
003 - CONTROL NUMBER IDENTIFIER
- control field: NUST
005 - DATE AND TIME OF LATEST TRANSACTION
- control field: 20171123094442.0
008 - FIXED-LENGTH DATA ELEMENTS
- fixed length control field: 171123|| aca||aabn | a|a d
040 ## - CATALOGING SOURCE
- Original cataloging agency: NUST
- Transcribing agency: NUST
100 ## - HEADING--PERSONAL NAME
- Personal name: Broxup, Marie.
670 ## - SOURCE DATA FOUND
- Source citation: Work cat.: (NUST)187297: Bennigsen, Alexandre. 6695, The Islamic threat to the Soviet State /, 1983.
